000 00342nam a22001457a 4500
003 OSt
005 20160226122004.0
008 160226b xxu||||| |||| 00| 0 eng d
020 _a0139210652
040 _cN/A
100 _aMEYER HAROLD E
245 _aLIFETIME ENCYCLOPEDIA OF LETTERS
260 _bPRENTICE HALL
_c1998
942 _2lcc
_cBK
999 _c252647
_d252646